Krasobruslení /
Saved in:
| Main Author: | |
|---|---|
| Format: | Book |
| Language: | Czech |
| Published: |
Praha :
Nakladatelství Československé obce sokolské,
1946.
|
| Edition: | 2. dopl. vyd. |
| ISBN: |
(viaz.) |
| Physical Description: |
218 s. |
| Tags: |
Add Tag
No Tags, Be the first to tag this record!
|
Titul je dostupný aj v ... 

MARC
| LEADER | 00000cam a22000001 4500 | ||
|---|---|---|---|
| 001 | 000436621 | ||
| 005 | 20130924175946.0 | ||
| 008 | 980703s1946 xr e cze d | ||
| 020 | |a (viaz.) |c Kčs 5,00 | ||
| 040 | |a SVKKK |b slo |c SVKKK |e AACR2 | ||
| 041 | 0 | |a cze | |
| 044 | |a xr |c CZ | ||
| 100 | 1 | |a Koudelka, Vladimír |4 aut | |
| 245 | 1 | 0 | |a Krasobruslení / |c Vladimír Koudelka. |
| 250 | |a 2. dopl. vyd. | ||
| 260 | |a Praha : |b Nakladatelství Československé obce sokolské, |c 1946. | ||
| 300 | |a 218 s. | ||
| 910 | |a svkkk | ||
| 998 | |a BK | ||
| 090 | |g SCKHL |k Sklad Hlavná 10 suterén |a I.25325 |j 278773 |i 2720418363 |s Prezenčne | ||